000 00255nam a2200121 i 4500
001 bg
245 0 _aRadiacionnaja fizyka.
_nT.3.
260 _aRyga,
_c1965.
040 _cBPK
041 _apol
942 _cKS
008 s pl f |000 0 pol
999 _c12811
_d12811
856 _uhttp://koha.tu.koszalin.pl/cgi-bin/koha/opac-detail.pl?biblionumber=12811
_yKatalog online BPK